| 000 | 00474nam a2200169 4500 | ||
|---|---|---|---|
| 001 | 139862 | ||
| 003 | ES-MaACL | ||
| 005 | 20230906195929.0 | ||
| 007 | t| | ||
| 008 | 070214s1956 sp r ||||1| spa d | ||
| 100 | 1 |
_aAlonso Schökel, Luis. _9181472 |
|
| 245 | 1 | 0 |
_aViaje al país del Antiguo Testamento / _cLuis Alonso Schokel. |
| 260 |
_aSantander : _bSal Terrae, _c1956. |
||
| 300 |
_a384 p. ; _c22 cm. |
||
| 852 |
_aES-MaACL _jC-12007 _bR.39961 |
||
| 999 |
_c139862 _d139862 |
||